00991nam a22002177a 450000500170000000800410001702000150005805000220007310000300009524501800012525000110030526001000031630000280041650000450044450400330048960000440052261000520056665000770061870000370069570000410073220200129101845.0200129b mx ||||| |||| 00| 0 spa d a968291086204aND259.R5bA4 19861 aRivera, Diego,d1886-195710aDiego Rivera b: los murales en la Secretaría de Educación Pública c/ ensayo crítico de Luis Cardoza y Aragón ; introducción y comentarios de Antonio Rodríguez. a1a ed. aMéxico,bSecretaria Educación Publica, Dirección General de Publicaciones y Medios,c1986 a201 p. :bil. ;c29 cm. aCentenario del natalicio de Diego Rivera aBibliografía : p. 195-200.10aRivera, Diego,d1886-1957vcatálogos 10aMexico.bSecretaría de Educación Pública. 72lembaPintura mural mexicanazCiudad de México ySiglo XXvCatálogos1 aRodríguez, Antonio,d1909-19941 aRodríguez , Antonio, eprologuista